Loading...
| Fine Arts - Visual Fine Arts | 2 | 4 | 0 | 1 | 70 | 60 | 88.00 | 3 | 6 |
| 3 | 3 | 1 | 1 | 70 | 37 | 75.17 | 5 | 6 | |
| Fine Arts - Auditory Fine Arts | 1 | 5 | 0 | 2 | 65 | 57 | 102.67 | 3 | 6 |
| Literature - American Literature | 1 | 3 | 0 | 1 | 45 | 46 | 88.00 | 2 | 4 |
| Literature - European Literature | 1 | 2 | 0 | 1 | 35 | 38 | 79.67 | 2 | 3 |
| History - European History | 0 | 3 | 0 | 1 | 30 | 80 | 97.67 | 2 | 3 |
| Other Arts: Visual | 2 | 0 | 0 | 0 | 30 | 49 | 57.50 | 2 | 2 |
| Literature - British Literature | 1 | 2 | 2 | 0 | 25 | 64 | 75.67 | 3 | 3 |
| Beliefs | 0 | 3 | 2 | 0 | 20 | 83 | 99.33 | 3 | 3 |
| Other Science: Math | 1 | 0 | 0 | 0 | 15 | 36 | 36.00 | 1 | 1 |
| Other Arts: Auditory | 0 | 2 | 1 | 0 | 15 | 75 | 83.50 | 1 | 2 |
| Other Science: Computer Science | 0 | 1 | 0 | 1 | 10 | 134 | 134.00 | 0 | 1 |
| History - World History | 0 | 1 | 0 | 1 | 10 | 132 | 132.00 | 0 | 1 |
| Social Science | 0 | 1 | 0 | 0 | 10 | 109 | 109.00 | 1 | 1 |